000 01929nmm a2200433 a 4500
003 CHAP
005 20240613104326.0
007 co ag |||aaaaa
008 000412s1999 caua d 10 spa d
010 _a80823
011 _a81795
035 _a92275
040 _cCHAP
041 _aspa
090 _aCD-41
100 0 0 _aOgata, Nisao.
_982820
245 1 0 _aArboles tropicales comunes del area maya (disco compacto) :
_h[disco compacto]
_bsistema de identificación taxonómica
_c/por Nisao Ogata (y otros)
264 _aCalifornia :
_bUniversidad de California. QTAXA. Department of Botany & Plant Science,
_c1999.
300 _a1 disco compacto CD
_c4 3/4 pulgadas (12cm.)
_bdigital color
336 _2rdacontent
_atexto
_btxt
337 _2rdamedia
_aordenadoe
_bc
338 _2rdacarrier
_adisco computadora
_bcd
511 _aNisao Ogata Arturo Gómez Pompa Araceli Aguilar-Meléndez Roberto Castr-Cortés Orlay Edward Plummer.
516 _aDocumento Texto (Informes y resúmenes)
538 _aComputadora Pentium, al menos 90 Mhz de velocidad, monitor de al menos 256 colores con una ressolución DE 800x600 y al menos 16x MB RAM. Manejador (drive) para cd-roms de al menos 6x de velocidad. Windows95,98. En WindowsNT, podrá acceder a las bases de datos más no al módulo de identificación Online256. 32 bit ODBC software del sistema para archivos e Microsoft Acess 97
546 _aTexto en español.
590 _aBATCH-UPD
_b10
_c20130110
590 _aBATCH-UPD
_b10
_c20130110
590 _aBATCH-UPD
_b10
_c20130409
590 _aBATCH-UPD
_b10
_c20130410
590 _aBATCH-UPD
_b10
_c20130914
590 _aCONVERSION
_b10
_c20130109
650 1 4 _aÁrboles tropicales.
_982448
650 1 4 _aÁrboles
_xClasificación.
_982435
650 1 4 _aÁrboles
_xYucatan.
_96658
905 _aAlejandra Carrasco M.
942 _cCD
_2local
949 _aCD-41
_bBC
_cCD
_d33724000757316
_eCD
_i92275
999 _c80823
_d80823